000 00701cas a22002175a 4500
001 L221
008 070628c1975 xxumr p 0 a0eng
022 1 _a0099-1112
035 _a(Sirsi) u98863
041 0 _aeng
110 2 _aAmerican Society for Photogrammetry and Remote Sensing
_93484
245 0 0 _aPhotogrammetric Engineering and Remote Sensing
260 _aBethesda
_bAmerican Society for Photogrammetry and Remote Sensing
_c1975-
362 _a1975-69(2) February 2003
554 _a12 per year
651 4 _aUnited States
_y1959-
690 _aENVIRONMENTAL AND LAND SURVEYING-GEOMATICS-LAND SURVEYING
780 0 0 _tPhotogrammetric Engineering
942 _n0
948 _c19/07/1994
999 _c118549
_d118549